000 00286nam a2200121Ia 4500
100 _aMachinery yellow back series
650 _aChemistry
942 _cBK
245 _aPower Metallurgy In Practice
260 _bMachinery Publication & co
_c2001
082 _a671.3
546 _aENGLISH
999 _c33053
_d33053